| 000 | 00458nam a2200169Ia 4500 | ||
|---|---|---|---|
| 003 | GCL | ||
| 008 | 140319s9999 xx 000 0 ara d | ||
| 040 |
_aGCL / _cGCL |
||
| 082 | 0 | 4 |
_a658 _bس ق |
| 100 | 1 | _aسعيد يس عامر | |
| 245 | 1 | 0 |
_aقضايا هامة لادارة التغير / _cسعيد يس عامر |
| 260 |
_a[S.N] : _bوايد سرفيس ، _c1992 |
||
| 300 | _a250 ص | ||
| 490 | _a | ||
| 650 | 0 | 4 | _aالادارة |
| 942 |
_2ddc _cBK |
||
| 999 |
_c46270 _d46270 |
||